000 00547nam a22001932 4500
001 0000011795
005 20151217155848.0
008 090108s xx 000 0 eng d
040 _aKABU
_cKABU
100 1 _aOliver, Roland.
_@0000149635
245 1 0 _aHow christian is Africa? /
_cRoland Oliver.
250 _a1st ed.
260 _aLondon :
_bHighway Press,
_c1956.
300 _a24 p.
650 0 _aChristianity
_zAfrica.
_@0000148854
852 1 _9p100 KES
908 _a090108
950 _@1
999 _c13404
_d13404